| 000 | 02071cam a2200517 4500 | ||
|---|---|---|---|
| 001 | 21424 | ||
| 003 | VRT | ||
| 005 | 20260302101511.0 | ||
| 008 | 200228s2019 xo af ar 010 j slo | ||
| 015 | _aSNBA2019/10 | ||
| 020 |
_a9788081428692 _q(viazané) |
||
| 035 | _aurn:nbn:sk:snk-am00deyq | ||
| 035 | _aurn:nbn:sk:snk-am3hzy9 | ||
| 035 | _aDC060165-CF3C-42B5-AADB-6F80F96CBEF1 | ||
| 039 | 9 |
_a202402141300 _bAUTHORITY _c202002281241 _dVLOAD _c201910221030 _dmsnk161 _c201910141457 _dmsnk04 |
|
| 040 |
_aPOKPOH _bslo _cPOKPOH _dSNK _erda |
||
| 041 | 1 |
_aslo _hfre _keng |
|
| 044 |
_axo _cSK |
||
| 072 | 7 |
_a821.133.1 _xFrancúzska literatúra, francúzsky písaná _2konspekt |
|
| 072 | 7 |
_a821-93 _xLiteratúra pre deti a mládež (beletria) _2konspekt |
|
| 080 |
_a821.133.1(493)-34 _22011 |
||
| 080 |
_a82-93-053.4/.5 _22011 |
||
| 100 | 1 |
_aGréban, Quentin, _d1977- _4aut _4ill |
|
| 240 | 1 | 0 |
_aUn jour, je serai pompier _lSlovensky |
| 245 | 1 | 0 |
_aChcem byť hasičom _cQuentin Gréban |
| 250 | _aPrvé vydanie | ||
| 264 | 1 |
_aBratislava _bFortuna Libri _c2019 |
|
| 300 |
_a25 nečíslovaných strán _bfarebné ilustrácie, ilustrované listy _c29 cm |
||
| 336 |
_atext _btxt _2rdacontent |
||
| 336 |
_astatický obraz _bsti _2rdacontent |
||
| 337 |
_abez média _bn _2rdamedia |
||
| 338 |
_azväzok _bnc _2rdacarrier |
||
| 500 | _aPreložené z anglického prekladu belgického prekladu francúzskeho jazyka | ||
| 655 | 7 |
_abelgické rozprávky (francúzsky) _2SNKPH |
|
| 655 | 7 |
_aBelgian fairy tales (French) _2SNKPHeng |
|
| 655 | 7 |
_aliteratúra pre deti _2SNKPH |
|
| 655 | 7 |
_aChildren’s literature _2SNKPHeng |
|
| 700 | 1 |
_aStareková, Denisa _4trl |
|
| 765 | 0 | 8 |
_iNázov anglického prekladu: _tI want to be a firefighter |
| 942 |
_2ddc _cKLDE _n0 |
||
| 949 |
_62889352860 _asavukPV 28958 _bsavuk2019/3767 |
||
| 949 |
_617A1390544 _asnkSB 94661 _bsnk2019/26043 _o1745/19 _s6100:20191023 |
||
| 949 |
_617A1390545 _asnkSB 94661 D1 _bsnk2019/26044 _o1745/19 |
||
| 949 |
_6270001000574981 _asvkbbC 64126 _bsvkbbm 785708 |
||
| 949 |
_6273K0648921 _asvkpoC 60563 _bsvkpo641390 |
||
| 999 |
_c21424 _d21424 |
||